| 000 | 03125nam a2200301 i 4500 | ||
|---|---|---|---|
| 003 | DO-SdBNP | ||
| 005 | 20250506103729.0 | ||
| 007 | ta | ||
| 008 | 250506b2024 xxub|||| |||| 00| 0 spa d | ||
| 020 | _a9789945800494 | ||
| 040 |
_aDO-SdBNP _bspa _cBNPHU _erda |
||
| 082 |
_axxxx _bL318 _222 |
||
| 100 | 1 |
_aLara Espinal, Maike Miguel, _d2002- _eautor _4aut. _987483 |
|
| 245 | 1 | 0 |
_aHow to achieve legal success in the United States : _ba survival guide for foreign attorneys / _cMaike M. Lara Espinal |
| 264 | 4 |
_a[Santo Domingo] : _b[editor no identificado], _c©2024. |
|
| 300 |
_a147 páginas _bmapas _c23 cm. |
||
| 336 |
_atexto _btxt _2rdacontent |
||
| 337 |
_asin mediación _bn _2rdamedia |
||
| 338 |
_avolumen _bnc _2rdacarrier |
||
| 500 | _aIncluye datos biografícos del autor en la página 147. | ||
| 500 | _aIncluye notas a pie de páginas. | ||
| 520 | _aThe “Survival Guide for Foreign Attorneys” is an essential resource for navigating and succeeding in the world of U.S. law as an international lawyer. Specifically designed for LL.M. students and foreign lawyers, it provides a detailed guide from selecting the right program to adapting to life in the United States. Discover the various types of law programs and the application process, and learn everything necessary about obtaining a student visa. Understand the cultural and academic differences you will face, and receive practical advice on how to handle the financial, academic, and employment challenges that often arise. This guide includes testimonials from LL.M. students and additional resources to help you maximize your academic and professional experience. Whether your goal is to specialize and return to your home country or to practice in the United States, “How to Achieve Legal Success in the United States” will provide you with the tools and knowledge needed to achieve success. | ||
| 520 | _aLa “Guía de supervivencia para abogados extranjeros” es un recurso esencial para navegar y triunfar en el mundo del derecho estadounidense como abogado internacional. Diseñado específicamente para estudiantes de LL.M. y abogados extranjeros, proporciona una guía detallada desde la selección del programa adecuado hasta la adaptación a la vida en los Estados Unidos. Descubre los diversos tipos de programas de derecho y el proceso de aplicación, y aprende todo lo necesario sobre la obtención de la visa de estudiante. Conoce las diferencias culturales y académicas que enfrentarás, y recibe consejos prácticos sobre cómo manejar los desafíos financieros, académicos y laborales que se suelen presentar. Esta guía incluye testimonios de estudiantes LL.M. y recursos adicionales que te ayudarán a maximizar tu experiencia académica y profesional. Ya sea que tu objetivo sea especializarte y regresar a tu país o ejercer en Estados Unidos, “Cómo tener éxito legal en Estados Unidos” te proporcionará las herramientas y conocimientos necesarios para alcanzar el éxito. | ||
| 521 | _aProfesional, académico. | ||
| 590 | _aInventariado, 2025/ YL | ||
| 910 | _aYLockward | ||
| 942 |
_2ddc _cLBS1 |
||
| 999 |
_c58933 _d58933 |
||